| 000 | 01158 a2200253 4500 | ||
|---|---|---|---|
| 003 | Nust | ||
| 005 | 20170207154011.0 | ||
| 010 | _a 97044582 | ||
| 020 | _a0750699906 (alk. paper) | ||
| 040 | _cNust | ||
| 082 | 0 | 0 | _a004.16 |
| 100 | 1 | _aBall, Stuart R., | |
| 245 | 1 | 0 |
_aDebugging embedded microprocessor systems -(E-BOOK) _cStuart R. Ball. |
| 260 |
_aBoston : _bNewnes, _cc1998. |
||
| 300 |
_av, 241 p. : _bill. ; _c24 cm. |
||
| 500 | _aIncludes index. | ||
| 505 | _aSystem Design (Page-1) Hardware Design (Page-27) Software Design (Page-91) Interrupts in embedded Systems (Page-113) Adding debug Hardware and Software (Page-139) System Integration and Debug (Page-157) Multiprocessor Systems (Page-167) Real-time Oprating Systems (Page-197) Industry-Standard Embadded Platforms (Page-215) Advansed Microprocessor Concepts (Page-231) | ||
| 650 | 0 | _aDebugging in computer science. | |
| 650 | 0 | _aEmbedded computer systems. | |
| 650 | 0 | _aMicroprocessors. | |
| 651 | _aE-BOOK | ||
| 856 | 4 | 2 |
_3Publisher description _uhttp://www.loc.gov/catdir/description/els032/97044582.html |
| 856 | 4 | 2 |
_3Table of contents _uhttp://www.loc.gov/catdir/toc/els032/97044582.html |
| 942 |
_2ddc _cBK |
||
| 999 |
_c191232 _d191232 |
||